000 01265nam0a22002651 4500
001 rc\4404587
005 20260405100401.0
021 _aRU
_b[59-78847]
035 _a(NLR Aleph) 008299935
090 _a8629588
_c8629588
100 _a20130416d1959 |||y0rusy50 ca
101 0 _arus
102 _aRU
105 _ay c |||||
200 1 _aИстория зарубежной литературы XIX в.
_eМетод. указания для студентов-заочников филол. фак. гос. ун-тов
_fМ-во высш. и сред. спец. образования СССР. Науч.-метод. кабинет по заоч. обучению при Моск. гос. ун-те им. М.В. Ломоносова
205 _a3-е изд.
210 _aМосква
_cИзд-во Моск. ун-та
_d1959
215 _a47 с.
_d22
300 _a2-е изд. вышло под загл.: Методические указания по курсу...
700 1 _4340
_4080
_4070
_7ca
_8rus
_aДмитриев
_bА. С.
_cд-р филол. наук
_f1919-2001
_gАлександр Сергеевич
_919571
_3RU\NLR\AUTH\7736581
801 0 _aRU
_bNLR
_gpsbo
801 1 _aRU
_bELAR
_2rusmarc
852 _aNLR
_j59-6/10766
942 _cBOOK
980 _aNB